[Event "zonal 3.2"]
[Site "Genting Highlands MAS"]
[Date "1995.??.??"]
[Round "1"]
[White "Utut Adianto"]
[Black "Sandler, Leonid"]
[Result "1-0"]
[WhiteElo "2585"]
[BlackElo "2375"]
[EventDate "1995.07.??"]
[PlyCount "63"]

1.d4 d5 2.c4 e6 3.Nf3 c5 4.cxd5 exd5 5.g3 Nc6 6.Bg2 Nf6 7.O-O Be7 8.Nc3 
O-O 9.Bg5 cxd4 10.Nxd4 h6 11.Bf4 Be6 12.Rc1 Rc8 13.Nxe6 fxe6 14.Bh3 Qd7 
15.e4 Rcd8 16.exd5 Nxd5 17.Nxd5 Qxd5 18.Qxd5 exd5 19.Bc7 Ra8 20.Be6+ Kh8 
21.Bxd5 Rac8 22.Bf4 Bf6 23.b3 Nd4 24.Rxc8 Ne2+ 25.Kh1 Rxc8 26.Bxb7 Rc2 27.
Be3 Rxa2 28.Rd1 a5 29.Rd6 Nc1 30.Be4 Ra1 31.Kg2 Ne2 32.Ra6 1-0

[Event "zonal 3.2"]
[Site "Genting Highlands MAS"]
[Date "1995.??.??"]
[Round "1"]
[White "Ker, Anthony"]
[Black "Handoko, Edhi"]
[Result "1-0"]
[WhiteElo "2335"]
[BlackElo "2500"]
[EventDate "1995.07.??"]
[PlyCount "74"]

1.d4 d5 2.c4 c6 3.cxd5 cxd5 4.Nc3 Nf6 5.Bf4 Nc6 6.Nf3 Ne4 7.Qb3 Nxc3 8.
bxc3 g6 9.e3 Bg7 10.Bd3 O-O 11.h4 h5 12.O-O Na5 13.Qc2 Bd7 14.Ne5 Re8 15.
Rab1 b6 16.f3 Nc4 17.Bxc4 dxc4 18.Nxd7 Qxd7 19.e4 e5 20.Bxe5 Bxe5 21.dxe5 
Qe7 22.Rfd1 Qxe5 23.Rd7 Red8 24.Rbd1 Qf6 25.e5 Qxh4 26.Qe2 Rxd7 27.Rxd7 
Re8 28.Rd4 Qe7 29.e6 Qxe6 30.Re4 b5 31.Rxe6 Rxe6 32.Qd2 a6 33.Kf2 Kf8 34.
Qd8+ Kg7 35.Qd4+ Kf8 36.a4 Kg8 37.axb5 axb5 1-0

[Event "zonal 3.2"]
[Site "Genting Highlands MAS"]
[Date "1995.??.??"]
[Round "1"]
[White "Antonio, Rogelio jr"]
[Black "Toh, Terry"]
[Result "1/2-1/2"]
[WhiteElo "2495"]
[BlackElo "2315"]
[EventDate "1995.07.??"]
[PlyCount "69"]

1.e4 e5 2.Nf3 Nc6 3.Nc3 Nf6 4.d4 exd4 5.Nxd4 Bb4 6.Nxc6 bxc6 7.Bd3 O-O 8.
O-O d5 9.exd5 cxd5 10.Bg5 Be6 11.Ne2 Bg4 12.c3 Be7 13.Qc2 h6 14.Bh4 c5 15.
h3 Bd7 16.Rad1 Qb6 17.b3 Rfe8 18.Rfe1 Rad8 19.Qc1 Bc6 20.Ng3 Bb7 21.Nf5 
Bf8 22.Re3 Rxe3 23.Nxe3 Re8 24.Nf5 Ne4 25.Re1 Qc6 26.f3 Nd6 27.Rxe8 Qxe8 
28.Qe3 Qd7 29.Ne7+ Kh8 30.Qe5 c4 31.Bc2 Bxe7 32.Bxe7 Ne8 33.Bc5 a6 34.Bf5 
Qd8 35.Kh1 1/2-1/2

[Event "zonal 3.2"]
[Site "Genting Highlands MAS"]
[Date "1995.??.??"]
[Round "1"]
[White "Tu Hoang Thong"]
[Black "Hafizulhelmi, Mas"]
[Result "1-0"]
[WhiteElo "2430"]
[BlackElo "2275"]
[EventDate "1995.07.??"]
[PlyCount "81"]

1.d4 Nf6 2.Nf3 g6 3.g3 Bg7 4.Bg2 O-O 5.c4 d6 6.O-O Nbd7 7.Qc2 e5 8.dxe5 
dxe5 9.h3 Qe7 10.e4 Nc5 11.Nc3 c6 12.b3 Ne6 13.Be3 Nh5 14.Rad1 f5 15.Ne2 
f4 16.Bc1 Ng5 17.Nxg5 Qxg5 18.Rd3 Qe7 19.Rfd1 Be6 20.g4 Nf6 21.Bb2 Nd7 22.
Qd2 Rf7 23.Kh2 Qh4 24.f3 Bf8 25.Qe1 Qf6 26.h4 h6 27.Nc3 Nc5 28.R3d2 Be7 
29.Bf1 a5 30.Ne2 Na6 31.Bh3 Rh7 32.Bc3 a4 33.Nc1 Re8 34.Nd3 Bd6 35.Nb2 Bc7
36.Nxa4 Qe7 37.Qf2 Bf7 38.Rd7 Qf6 39.Qa7 Qxh4 40.Be1 Qf6 41.Qxb7 1-0

[Event "zonal 3.2"]
[Site "Genting Highlands MAS"]
[Date "1995.??.??"]
[Round "1"]
[White "Hsu Li Yang"]
[Black "Aung Thant Zin"]
[Result "1-0"]
[WhiteElo "2460"]
[BlackElo "2215"]
[EventDate "1995.07.??"]
[PlyCount "81"]

1.d4 d5 2.c4 e6 3.Nc3 Nf6 4.cxd5 exd5 5.Bg5 Be7 6.e3 c6 7.Bd3 h6 8.Bxf6 
Bxf6 9.Nge2 Be6 10.Nf4 Bc8 11.O-O O-O 12.b4 Qd6 13.Nh5 Bd8 14.b5 Bc7 15.
Ng3 Nd7 16.bxc6 bxc6 17.Rc1 Nf6 18.Qc2 h5 19.Na4 h4 20.Qxc6 hxg3 21.Qxc7 
Qa3 22.Qc2 gxh2+ 23.Kh1 Qd6 24.Qc6 Qxc6 25.Rxc6 Bd7 26.Ra6 Bxa4 27.Rxa4 
Rfb8 28.Kxh2 Rb2 29.Kg3 Rd2 30.Ra3 Rb8 31.Rb1 Re8 32.Rc1 g6 33.Rc2 Rd1 34.
Kf3 Re7 35.Ke2 Rh1 36.Ra6 Kg7 37.Rcc6 Nh5 38.Kf3 Rd1 39.Be2 Rd2 40.g4 Nf6 
41.Rxf6 1-0

[Event "zonal 3.2"]
[Site "Genting Highlands MAS"]
[Date "1995.??.??"]
[Round "1"]
[White "Nishimura, Hiroyuki"]
[Black "Nguyen Anh Dung"]
[Result "1-0"]
[WhiteElo "2285"]
[BlackElo "2340"]
[EventDate "1995.07.??"]
[PlyCount "47"]

1.e4 c5 2.Nf3 d6 3.d4 cxd4 4.Qxd4 Nc6 5.Bb5 Bd7 6.Bxc6 Bxc6 7.O-O Nf6 8.
Re1 e6 9.c4 Be7 10.Nc3 O-O 11.b3 d5 12.exd5 Bb4 13.Bb2 exd5 14.cxd5 Bxc3 
15.Qxc3 Qxd5 16.Rad1 Qh5 17.Re5 Qh6 18.Rg5 Rad8 19.Re1 Rd6 20.Rg3 Re8 21.
Bc1 Qh5 22.Rg5 Qh6 23.Rge5 Qg6 24.Qxc6 1-0

[Event "zonal 3.2"]
[Site "Genting Highlands MAS"]
[Date "1995.??.??"]
[Round "1"]
[White "Tsang Hon Ki"]
[Black "Yang Xian"]
[Result "0-1"]
[WhiteElo "2200"]
[BlackElo "2420"]
[EventDate "1995.07.??"]
[PlyCount "72"]

1.e4 c5 2.Nc3 Nc6 3.f4 g6 4.Nf3 Bg7 5.g3 d6 6.h3 Nf6 7.d3 Nh5 8.Kf2 Nd4 9.
Nd5 e6 10.Ne3 d5 11.e5 f6 12.exf6 Nxf6 13.Bg2 O-O 14.Kg1 Nh5 15.Kh2 Qd6 
16.Nf1 Bd7 17.c3 Nc6 18.d4 cxd4 19.cxd4 Rac8 20.Ne5 Nxe5 21.fxe5 Qb4 22.
Ne3 Bb5 23.a3 Qe7 24.a4 Ba6 25.Qe1 Rxc1 26.Rxc1 Bh6 27.h4 g5 28.Ng4 Bg7 
29.Rc3 gxh4 30.gxh4 Rf4 31.Bf3 Rxd4 32.Rc8+ Kf7 33.Nh6+ Kg6 34.Bxh5+ Kxh5 
35.Kg3 Bxh6 36.Qc3 Rd3+ 0-1

[Event "zonal 3.2"]
[Site "Genting Highlands MAS"]
[Date "1995.??.??"]
[Round "1"]
[White "Mohd Kamal, Abdullah"]
[Black "Sadikin, Irwanto"]
[Result "1/2-1/2"]
[WhiteElo "2210"]
[BlackElo "2375"]
[EventDate "1995.07.??"]
[PlyCount "43"]

1.e4 c6 2.d4 d5 3.e5 Bf5 4.Nf3 e6 5.Be2 c5 6.Be3 Qb6 7.b3 Nc6 8.O-O cxd4 
9.Nxd4 Nxd4 10.Bxd4 Bc5 11.Bb2 a6 12.Nc3 Qc7 13.Na4 Ba7 14.c4 Ne7 15.cxd5 
Nxd5 16.Rc1 Qe7 17.Bf3 Rd8 18.Bxd5 exd5 19.Bd4 Bxd4 20.Qxd4 O-O 21.Rfe1 
Rfe8 22.f3 1/2-1/2

[Event "zonal 3.2"]
[Site "Genting Highlands MAS"]
[Date "1995.??.??"]
[Round "1"]
[White "Mohd Saprin, Sabri"]
[Black "Donguines, Fernie"]
[Result "1-0"]
[WhiteElo "2205"]
[BlackElo "2380"]
[EventDate "1995.07.??"]
[PlyCount "101"]

1.e4 g6 2.Bc4 Bg7 3.Qf3 e6 4.Ne2 Nc6 5.Bb3 Nge7 6.Nbc3 O-O 7.h4 h6 8.d4 e5
9.h5 Na5 10.Bxh6 Bxh6 11.hxg6 Kg7 12.Qh5 Rh8 13.Qxe5+ f6 14.Qxa5 b6 15.Qb5
c6 16.Qd3 d5 17.f4 dxe4 18.Qxe4 Bf5 19.Qf3 Qd7 20.O-O-O Nxg6 21.d5 Bg4 22.
Qf2 c5 23.g3 a6 24.d6 Rae8 25.Rhe1 Ne5 26.Kb1 Nf3 27.Rf1 Nd4 28.Nxd4 Bxd1 
29.Rxd1 cxd4 30.Qxd4 Qc6 31.g4 Kg6 32.Bd5 Qc5 33.Qd3+ Kg7 34.Ne4 Rxe4 35.
Qxe4 Qxd6 36.g5 fxg5 37.Rg1 Qf6 38.Qc4 Rf8 39.fxg5 Bxg5 40.Qc7+ Kh8 41.
Qh2+ Bh6 42.Qh5 Qf4 43.Rg6 Rf6 44.Rg8+ Kh7 45.Rd8 Rd6 46.Re8 Rf6 47.Re7+ 
Kh8 48.Qe8+ Bf8 49.Re1 Rh6 50.Rg1 Rf6 51.Qd7 1-0

[Event "zonal 3.2"]
[Site "Genting Highlands MAS"]
[Date "1995.??.??"]
[Round "1"]
[White "Nadera, Barlo"]
[Black "Norris, Damian"]
[Result "1-0"]
[WhiteElo "2405"]
[BlackElo "2170"]
[EventDate "1995.07.??"]
[PlyCount "89"]

1.d4 Nf6 2.c4 e6 3.Nc3 Bb4 4.Qc2 c5 5.dxc5 O-O 6.a3 Bxc5 7.Nf3 b6 8.Bg5 
Be7 9.Rd1 Bb7 10.e4 h6 11.Bh4 Nh5 12.Bg3 f5 13.Bxb8 Rxb8 14.Nd4 fxe4 15.
Nxe6 Qe8 16.Nxf8 Bxf8 17.Qd2 e3 18.fxe3 Bc5 19.Nd5 Qe5 20.b4 Be7 21.Qd4 
Qg5 22.Be2 Bf6 23.Qg4 Bxd5 24.Qxg5 Bxg5 25.Rxd5 Nf6 26.Rd3 Re8 27.Kf2 Re4 
28.Rc1 Re5 29.Bf3 d6 30.Rcd1 Kf7 31.g3 h5 32.h3 g6 33.Bc6 Ke7 34.Kf3 Rf5+ 
35.Kg2 Re5 36.Re1 Ne4 37.Kf3 Nf6 38.e4 Ng8 39.Red1 Re6 40.Bd5 Rf6+ 41.Kg2 
Nh6 42.h4 Bxh4 43.gxh4 Rf4 44.Rh1 Ng4 45.Rf3 1-0

[Event "zonal 3.2"]
[Site "Genting Highlands MAS"]
[Date "1995.??.??"]
[Round "2"]
[White "Kagan, Naum"]
[Black "Utut Adianto"]
[Result "1/2-1/2"]
[WhiteElo "2395"]
[BlackElo "2585"]
[EventDate "1995.07.??"]
[PlyCount "173"]

1.d4 d5 2.Nf3 Nf6 3.e3 g6 4.c4 Bg7 5.Nc3 O-O 6.cxd5 Nxd5 7.Bc4 Nb6 8.Be2 
c5 9.dxc5 N6d7 10.Ne4 Na6 11.Qc2 Ndxc5 12.Nxc5 Qa5+ 13.Bd2 Qxc5 14.Qxc5 
Nxc5 15.Nd4 Ne6 16.Nb3 Bxb2 17.Rb1 Bf6 18.Na5 Nc5 19.O-O Bf5 20.Rbc1 b6 
21.Nb3 Rfd8 22.Bc3 Nxb3 23.axb3 Bxc3 24.Rxc3 Rac8 25.Rxc8 Rxc8 26.Bc4 a5 
27.f3 a4 28.e4 Bd7 29.Rd1 Be8 30.Kf2 b5 31.Bd3 a3 32.b4 Rc3 33.Ke3 Rb3 34.
Ra1 Bd7 35.Kd2 Kg7 36.Bc2 Rxb4 37.Rxa3 Rd4+ 38.Ke3 e5 39.Ra6 Rc4 40.Kd2 
Be6 41.Rb6 b4 42.h4 h5 43.g3 Bh3 44.Rb7 Bc8 45.Rb8 Be6 46.Rb5 Kf6 47.f4 
exf4 48.gxf4 b3 49.Bd3 Ra4 50.Kc3 Ra3 51.Kd4 Ra1 52.f5 gxf5 53.exf5 Ra4+ 
54.Kc3 Bc8 55.Rc5 Bb7 56.Bc4 Be4 57.Rc7 Bxf5 58.Kxb3 Ra1 59.Rxf7+ Ke5 60.
Bd5 Bg6 61.Rd7 Bf5 62.Rd8 Rd1 63.Re8+ Kd4 64.Bf7 Rb1+ 65.Ka2 Rb7 66.Bxh5 
Kc3 67.Re3+ Bd3 68.Rxd3+ Kxd3 69.Bg6+ Kc3 70.h5 Rb6 71.Bf7 Rb2+ 72.Ka1 Rf2
73.Bg8 Rf8 74.Bd5 Rf5 75.Be4 Ra5+ 76.Kb1 Rxh5 77.Ka2 Ra5+ 78.Kb1 Ra6 79.
Bf5 Rf6 80.Bh7 Rf8 81.Ka2 Rf7 82.Bg6 Ra7+ 83.Kb1 Rb7+ 84.Ka2 Rb5 85.Bh7 
Rb2+ 86.Ka1 Kb3 87.Bg8+ 1/2-1/2

[Event "zonal 3.2"]
[Site "Genting Highlands MAS"]
[Date "1995.??.??"]
[Round "2"]
[White "Sadikin, Irwanto"]
[Black "Antonio, Rogelio jr"]
[Result "0-1"]
[WhiteElo "2375"]
[BlackElo "2495"]
[EventDate "1995.07.??"]
[PlyCount "118"]

1.d4 Nf6 2.c4 e6 3.Nc3 Bb4 4.Qc2 c5 5.dxc5 O-O 6.a3 Bxc5 7.Nf3 b6 8.b4 Be7
9.Bb2 Bb7 10.e3 a6 11.Be2 Qc7 12.Rc1 d6 13.O-O Nbd7 14.Nd2 Rac8 15.Qb1 Qb8
16.Rfd1 Qa8 17.Bf1 Rfd8 18.Na4 Qb8 19.h3 Re8 20.Nc3 Qa8 21.Ne2 Bf8 22.Qa1 
Rc7 23.Nc3 Rec8 24.Na4 e5 25.Nc3 g6 26.Qb1 Be7 27.e4 Bf8 28.Nd5 Bxd5 29.
cxd5 Bh6 30.Rxc7 Rxc7 31.Nc4 Ne8 32.Bc1 Bxc1 33.Rxc1 Qc8 34.Rc2 b5 35.Ne3 
Rxc2 36.Qxc2 Qxc2 37.Nxc2 Nb6 38.f3 f5 39.Kf2 Nf6 40.Ke3 h5 41.Na1 Kf7 42.
Nb3 Ke7 43.Bd3 Kd7 44.Na5 h4 45.Kd2 Kc7 46.Kc3 Nh5 47.Bf1 Nf4 48.Kd2 Nd7 
49.Nb3 Nf6 50.Ke3 N6h5 51.Nd2 Ng3 52.Kf2 Kd7 53.Kg1 Ke7 54.Kf2 Kf7 55.Kg1 
Kf6 56.Kf2 Kg5 57.a4 fxe4 58.fxe4 Nxf1 59.axb5 Nxd2 0-1

[Event "zonal 3.2"]
[Site "Genting Highlands MAS"]
[Date "1995.??.??"]
[Round "2"]
[White "Hsu Li Yang"]
[Black "Ginting, Nasib"]
[Result "1/2-1/2"]
[WhiteElo "2460"]
[BlackElo "2390"]
[EventDate "1995.07.??"]
[PlyCount "136"]

1.d4 Nf6 2.c4 e6 3.g3 d5 4.Nf3 dxc4 5.Bg2 a6 6.O-O Nbd7 7.a4 c5 8.Nbd2 
cxd4 9.Nxc4 Bc5 10.Nxd4 Nb6 11.Nxb6 Bxb6 12.Nb3 O-O 13.a5 Ba7 14.Bf4 Nd5 
15.Be5 Bd7 16.Bd4 Bxd4 17.Nxd4 Rb8 18.Qd2 Qe7 19.Rfc1 Rfc8 20.Rxc8+ Rxc8 
21.Bxd5 exd5 22.Rc1 Rxc1+ 23.Qxc1 Qd6 24.Qf4 Qxf4 25.gxf4 Kf8 26.Kf1 Ke7 
27.Ke1 Kd6 28.Kd2 Kc5 29.Kc3 Kd6 30.e3 Bc8 31.Nb3 Bd7 32.Nd4 Bc8 33.b3 Bd7
34.b4 Kc7 35.Ne2 Kd6 36.Kd4 f6 37.Nc3 Be6 38.f3 g6 39.e4 dxe4 40.Nxe4+ Kc6
41.Nxf6 Kb5 42.Kc3 h5 43.h4 Bf7 44.Nd7 Be6 45.Ne5 Bf5 46.Nc4 Be6 47.Ne3 
Kc6 48.Nc2 Kd5 49.Nd4 Bd7 50.Nc2 Bc6 51.Nd4 Bd7 52.Nc2 Be6 53.Ne3+ Kc6 54.
Nc4 Bf5 55.Ne5+ Kb5 56.Nf7 Be6 57.Nd6+ Kc6 58.Ne4 Kb5 59.Ng3 Bd7 60.Ne2 
Kc6 61.Kd4 Kb5 62.Kc3 Kc6 63.f5 Bxf5 64.Nd4+ Kd5 65.Nxf5 gxf5 66.Kd3 Kc6 
67.Kc4 b6 68.f4 b5+ 1/2-1/2

[Event "zonal 3.2"]
[Site "Genting Highlands MAS"]
[Date "1995.??.??"]
[Round "2"]
[White "Garma, Chito"]
[Black "Tu Hoang Thong"]
[Result "1-0"]
[WhiteElo "2390"]
[BlackElo "2430"]
[EventDate "1995.07.??"]
[PlyCount "125"]

1.e4 c5 2.c3 d5 3.exd5 Qxd5 4.d4 g6 5.Be3 Nf6 6.c4 Qd6 7.Nc3 cxd4 8.Qxd4 
Qxd4 9.Bxd4 Nc6 10.Bxf6 exf6 11.Nd5 Bb4+ 12.Nxb4 Nxb4 13.Kd2 Be6 14.Kc3 a5
15.Nf3 Rc8 16.b3 O-O 17.Nd4 Rfd8 18.a3 Nd5+ 19.Kb2 Nb6 20.Rd1 a4 21.Be2 
Bd7 22.Nb5 axb3 23.Kxb3 Bc6 24.f3 Re8 25.Rhe1 Re5 26.Nc3 Rce8 27.Rd2 Rg5 
28.Rg1 Re3 29.Kb4 Kg7 30.a4 Rh5 31.h3 Rh4 32.Rgd1 Na8 33.Rd7 Bxd7 34.Rxd7 
Nb6 35.Rxb7 Nd5+ 36.Nxd5 Rxe2 37.Kb5 Rb2+ 38.Nb4 Rxg2 39.Rd7 Rxh3 40.Rd3 
Rh1 41.a5 h5 42.a6 h4 43.Ra3 h3 44.a7 h2 45.a8=Q Rb1 46.Qd8 h1=Q 47.Ra8 
Rg5+ 48.Kc6 Qxf3+ 49.Nd5 Rb6+ 50.Kxb6 Qb3+ 51.Ka7 Qa3+ 52.Kb6 Qb3+ 53.Kc5 
Rxd5+ 54.Qxd5 Qe3+ 55.Kc6 g5 56.c5 g4 57.Kd7 g3 58.c6 Qe2 59.Ra2 Qg4+ 60.
Kd8 Qb4 61.c7 Kf8 62.Qd7 Qb6 63.Rg2 1-0

[Event "zonal 3.2"]
[Site "Genting Highlands MAS"]
[Date "1995.??.??"]
[Round "2"]
[White "Yang Xian"]
[Black "Ker, Anthony"]
[Result "1/2-1/2"]
[WhiteElo "2420"]
[BlackElo "2335"]
[EventDate "1995.07.??"]
[PlyCount "74"]

1.e4 d6 2.d4 Nf6 3.Nc3 g6 4.Be2 Bg7 5.h4 c5 6.dxc5 Qa5 7.Kf1 Qxc5 8.Be3 
Qa5 9.h5 gxh5 10.Nh3 Ng4 11.Bd2 Qc5 12.f3 Bxc3 13.bxc3 Ne3+ 14.Bxe3 Qxe3 
15.Qd4 Qxd4 16.cxd4 Nc6 17.c3 e5 18.Rd1 f6 19.Nf2 Na5 20.Rxh5 Be6 21.d5 
Bd7 22.f4 exf4 23.Rh4 Rc8 24.Rxf4 Rxc3 25.Rxf6 Ke7 26.e5 dxe5 27.Ne4 Rc2 
28.d6+ Kd8 29.Rd5 Nc4 30.Bxc4 Rxc4 31.Nc5 Rf4+ 32.Rxf4 exf4 33.Nxb7+ Ke8 
34.Nc5 Rg8 35.Rd4 Rg5 36.Nxd7 Kxd7 37.Rxf4 Kxd6 1/2-1/2

[Event "zonal 3.2"]
[Site "Genting Highlands MAS"]
[Date "1995.??.??"]
[Round "2"]
[White "Handoko, Edhi"]
[Black "Tsang Hon Ki"]
[Result "1-0"]
[WhiteElo "2500"]
[BlackElo "2200"]
[EventDate "1995.07.??"]
[PlyCount "75"]

1.e4 e5 2.c3 f5 3.d4 d5 4.exd5 Qxd5 5.dxe5 Qxe5+ 6.Be2 Nf6 7.Nf3 Qd6 8.Qc2
Nc6 9.O-O Bd7 10.Na3 O-O-O 11.Nb5 Qe7 12.Bf4 Nd5 13.Bg5 Nf6 14.Rfe1 Qf7 
15.Bf4 Ne8 16.Ng5 Qf6 17.Bf3 Bd6 18.Bxc6 Bxf4 19.Bxd7+ Rxd7 20.Nxa7+ Kb8 
21.Qa4 Qxg5 22.Qxd7 Qh5 23.h3 Nf6 24.Qa4 Qh4 25.Qd4 Ne4 26.Rxe4 fxe4 27.
Nb5 Re8 28.Qa7+ Kc8 29.Rd1 Bd6 30.Qa8+ Kd7 31.Qxb7 Ke6 32.Nxd6 cxd6 33.
Qd5+ Kf6 34.Qxd6+ Kf7 35.Qd5+ Kf8 36.a4 g5 37.Qf5+ Kg8 38.Rd7 1-0

[Event "zonal 3.2"]
[Site "Genting Highlands MAS"]
[Date "1995.??.??"]
[Round "2"]
[White "Nishimura, Hiroyuki"]
[Black "Nadera, Barlo"]
[Result "1-0"]
[WhiteElo "2285"]
[BlackElo "2405"]
[EventDate "1995.07.??"]
[PlyCount "143"]

1.e4 e6 2.d4 d5 3.Nc3 Nf6 4.e5 Nfd7 5.f4 c5 6.Nf3 Nc6 7.Be3 Qb6 8.Na4 Qa5+
9.c3 c4 10.b4 Qc7 11.Be2 b6 12.g4 Ne7 13.O-O g6 14.Nb2 Nb8 15.a4 Bd7 16.
Qe1 Bg7 17.Bf2 Nbc6 18.Bh4 h5 19.h3 a6 20.Qg3 Ng8 21.Nd1 Nce7 22.Ne3 hxg4 
23.hxg4 O-O-O 24.Bd1 f6 25.exf6 Bxf6 26.Bg5 Bxg5 27.Nxg5 Rf8 28.a5 b5 29.
Bc2 Nf6 30.Kg2 Ne8 31.Rf2 Nd6 32.Rh1 Qc6 33.Rxh8 Rxh8 34.Kg1 Ne4 35.Nxe4 
dxe4 36.Qg2 Qd6 37.Bxe4 Rf8 38.g5 Kc7 39.Qg3 Bc6 40.Bxc6 Kxc6 41.Ng4 Qd5 
42.Ne5+ Kb7 43.Qh3 Rc8 44.Qh7 Rc7 45.Qh1 Qxh1+ 46.Kxh1 Nd5 47.Rf3 Rg7 48.
Kg2 Kc7 49.Ng4 Kc6 50.Nf6 Nxf6 51.gxf6 Rf7 52.Rg3 Rxf6 53.Kf3 Kd6 54.Ke4 
Ke7 55.Rh3 Rf5 56.Rh7+ Kf6 57.Ra7 g5 58.fxg5+ Rxg5 59.Rxa6 Rg4+ 60.Kf3 Rh4
61.Rb6 Rh3+ 62.Ke4 Rh4+ 63.Ke3 Rh3+ 64.Kd2 Rh2+ 65.Kc1 Kf5 66.a6 Ke4 67.
Rxb5 Kd3 68.Ra5 Rh1+ 69.Kb2 Rh2+ 70.Ka3 Kxc3 71.a7 Rh1 72.Ka4 1-0

[Event "zonal 3.2"]
[Site "Genting Highlands MAS"]
[Date "1995.??.??"]
[Round "2"]
[White "Wohl, Aleksandar"]
[Black "Mohd Saprin, Sabri"]
[Result "1-0"]
[WhiteElo "2400"]
[BlackElo "2205"]
[EventDate "1995.07.??"]
[PlyCount "65"]

1.c4 g6 2.g3 Bg7 3.Bg2 Nf6 4.Nf3 O-O 5.O-O d6 6.Nc3 e5 7.d3 c5 8.Bg5 h6 9.
Bxf6 Qxf6 10.Nd5 Qd8 11.Rb1 Nc6 12.a3 Ne7 13.Nd2 Be6 14.b4 Rb8 15.Qa4 a6 
16.Nxe7+ Qxe7 17.bxc5 dxc5 18.Rb6 Bg4 19.Re1 Rfd8 20.Qb3 Rd6 21.Ne4 Re6 
22.Kf1 Bf8 23.Rb1 Rxb6 24.Qxb6 Kg7 25.Nc3 Be6 26.Nd5 Bxd5 27.Bxd5 Qd6 28.
Qa7 Qc7 29.Bxb7 a5 30.Rb5 Bd6 31.Qa6 Kf8 32.Bd5 Rxb5 33.cxb5 1-0

[Event "zonal 3.2"]
[Site "Genting Highlands MAS"]
[Date "1995.??.??"]
[Round "2"]
[White "Toh, Terry"]
[Black "Mohd Kamal, Abdullah"]
[Result "1/2-1/2"]
[WhiteElo "2315"]
[BlackElo "2210"]
[EventDate "1995.07.??"]
[PlyCount "62"]

1.d4 Nf6 2.c4 g6 3.Nc3 Bg7 4.e4 d6 5.f3 O-O 6.Bg5 Nc6 7.Qd2 a6 8.Nge2 Rb8 
9.a4 Na5 10.Nc1 c5 11.dxc5 dxc5 12.Qxd8 Rxd8 13.Bf4 Nd7 14.Bc7 Re8 15.Bxb8
Nxb8 16.Rb1 Nbc6 17.Be2 Bd4 18.Nd5 e6 19.Nb6 Nb4 20.Bd1 Rd8 21.Ke2 Bd7 22.
Nxd7 Rxd7 23.Nb3 Nxc4 24.Nxd4 Rxd4 25.b3 Rd2+ 26.Kf1 Ne3+ 27.Ke1 Rxg2 28.
Be2 Nec2+ 29.Kf1 Ne3+ 30.Ke1 Nec2+ 31.Kf1 Ne3+ 1/2-1/2

[Event "zonal 3.2"]
[Site "Genting Highlands MAS"]
[Date "1995.??.??"]
[Round "2"]
[White "Nguyen Anh Dung"]
[Black "Norris, Damian"]
[Result "1-0"]
[WhiteElo "2340"]
[BlackElo "2170"]
[EventDate "1995.07.??"]
[PlyCount "135"]

1.d4 Nf6 2.c4 e6 3.Nc3 Bb4 4.Qc2 c5 5.dxc5 O-O 6.a3 Bxc5 7.Nf3 b6 8.Bg5 
Bb7 9.e4 Be7 10.O-O-O Na6 11.e5 Ne8 12.Bxe7 Qxe7 13.Bd3 h6 14.Bh7+ Kh8 15.
Be4 Nc5 16.Bxb7 Nxb7 17.Kb1 d6 18.h4 dxe5 19.Nxe5 Ned6 20.g4 g6 21.Rhe1 
Kg7 22.Ne2 Qxh4 23.Nd4 Rfe8 24.Qc3 Kh7 25.Rh1 Qf6 26.Nd7 Qg7 27.g5 Ne4 28.
Qe3 Nbc5 29.Rxh6+ Kg8 30.Nf6+ Nxf6 31.gxf6 Qxf6 32.Rdh1 Kf8 33.Nc6 Kg8 34.
Rh7 g5 35.Ka2 Qf4 36.Qc3 e5 37.Nxe5 Qxe5 38.Rh8+ Kg7 39.Qxe5+ Rxe5 40.Rxa8
Re2 41.Rf1 Nd3 42.Rb1 Rxf2 43.Rxa7 g4 44.Rg1 Ne5 45.Rb7 Rf6 46.Re7 Rf5 47.
a4 Rg5 48.Rc7 g3 49.c5 bxc5 50.Rxc5 Kf6 51.Rc3 g2 52.Rc2 Nd3 53.Rcxg2 Ra5 
54.Ka3 Ra7 55.Re2 Nc5 56.Rf1+ Kg7 57.b3 Rd7 58.Rc2 Ne6 59.a5 Rd3 60.Rc4 
Rd5 61.b4 Nd4 62.Rxd4 Rxd4 63.a6 Rd8 64.Ka4 Kf8 65.b5 Rd2 66.Ra1 Ke7 67.a7
Rd8 68.b6 1-0

[Event "zonal 3.2"]
[Site "Genting Highlands MAS"]
[Date "1995.??.??"]
[Round "3"]
[White "Antonio, Rogelio jr"]
[Black "Kagan, Naum"]
[Result "1-0"]
[WhiteElo "2495"]
[BlackElo "2395"]
[EventDate "1995.07.??"]
[PlyCount "59"]

1.e4 e5 2.Nf3 Nc6 3.Nc3 g6 4.Nd5 Bg7 5.d4 exd4 6.Bg5 Nce7 7.e5 h6 8.Bxe7 
Nxe7 9.Qxd4 Nxd5 10.Qxd5 O-O 11.O-O-O d6 12.Qb3 Bxe5 13.Nxe5 Qg5+ 14.Kb1 
Qxe5 15.Bc4 c6 16.Rhe1 Qf6 17.Re3 b5 18.Bd3 Be6 19.Qb4 a5 20.Qd2 a4 21.a3 
b4 22.axb4 a3 23.Qc3 Qxf2 24.Bxg6 a2+ 25.Ka1 fxg6 26.Rxe6 Qxg2 27.Qd3 Rf5 
28.Qxd6 Kg7 29.Re7+ Rf7 30.Qe5+ 1-0

[Event "zonal 3.2"]
[Site "Genting Highlands MAS"]
[Date "1995.??.??"]
[Round "3"]
[White "Hsu Li Yang"]
[Black "Yang Xian"]
[Result "1/2-1/2"]
[WhiteElo "2460"]
[BlackElo "2420"]
[EventDate "1995.07.??"]
[PlyCount "58"]

1.d4 Nf6 2.c4 g6 3.Nf3 Bg7 4.g3 O-O 5.Bg2 d5 6.cxd5 Nxd5 7.O-O Nb6 8.Nc3 
Nc6 9.d5 Na5 10.Qc2 c6 11.dxc6 Nxc6 12.Rd1 Qe8 13.Bf4 Bg4 14.Qc1 Rc8 15.
Bh6 e5 16.Bxg7 Kxg7 17.Ne4 Qe7 18.Qc5 Rc7 19.Rac1 Qxc5 20.Nxc5 Rfc8 21.Rc3
Bxf3 22.Bxf3 Nd4 23.b4 Na4 24.Nxa4 Rxc3 25.Nxc3 Nxf3+ 26.exf3 Rxc3 27.Rd7 
Rxf3 28.a4 Rb3 29.Rxb7 a5 1/2-1/2

[Event "zonal 3.2"]
[Site "Genting Highlands MAS"]
[Date "1995.??.??"]
[Round "3"]
[White "Sandler, Leonid"]
[Black "Handoko, Edhi"]
[Result "1/2-1/2"]
[WhiteElo "2375"]
[BlackElo "2500"]
[EventDate "1995.07.??"]
[PlyCount "81"]

1.d4 d5 2.c4 c6 3.Nf3 Nf6 4.Nbd2 g6 5.g3 Bg7 6.Bg2 O-O 7.O-O Ne4 8.e3 Nxd2
9.Nxd2 Be6 10.Qb3 Qd7 11.cxd5 Bxd5 12.Bxd5 cxd5 13.Nf3 Nc6 14.Bd2 Rab8 15.
Rac1 Qf5 16.Kg2 Rfd8 17.Qc2 Qd7 18.Qd3 Rdc8 19.Rc2 Nd8 20.Rfc1 Rxc2 21.
Qxc2 Nc6 22.Ne1 h5 23.h3 e5 24.dxe5 Nxe5 25.b3 d4 26.Qc7 Qd5+ 27.Kg1 Re8 
28.exd4 Qxd4 29.Be3 Qe4 30.Qc2 Qb4 31.Qc5 Qxc5 32.Rxc5 Nc6 33.Nf3 Rd8 34.
Rc1 a6 35.Kf1 Bf6 36.Ke2 Nb4 37.a4 Nd5 38.Bg5 Bxg5 39.Nxg5 Kf8 40.Rc4 Ke7 
41.h4 1/2-1/2

[Event "zonal 3.2"]
[Site "Genting Highlands MAS"]
[Date "1995.??.??"]
[Round "3"]
[White "Utut Adianto"]
[Black "Nishimura, Hiroyuki"]
[Result "1-0"]
[WhiteElo "2585"]
[BlackElo "2285"]
[EventDate "1995.07.??"]
[PlyCount "63"]

1.d4 f5 2.g3 c6 3.Bg2 g6 4.h4 Nf6 5.h5 Nxh5 6.Rxh5 gxh5 7.e4 d6 8.Qxh5+ 
Kd7 9.Qxf5+ Kc7 10.Qf7 Bd7 11.Nc3 Qe8 12.Qc4 Na6 13.e5 Rd8 14.e6 Bc8 15.d5
c5 16.Bf4 Kb8 17.Nf3 Qg6 18.Ne5 dxe5 19.Bxe5+ Ka8 20.Bxh8 Bh6 21.Be5 Qxc2 
22.Qe2 Qf5 23.a3 c4 24.g4 Qg5 25.Bg3 Rg8 26.Qxc4 Qxg4 27.Qxg4 Rxg4 28.Ke2 
Bg7 29.Rd1 Bxc3 30.Rc1 Rg8 31.Rxc3 b6 32.Rxc8+ 1-0

[Event "zonal 3.2"]
[Site "Genting Highlands MAS"]
[Date "1995.??.??"]
[Round "3"]
[White "Wohl, Aleksandar"]
[Black "Garma, Chito"]
[Result "0-1"]
[WhiteElo "2400"]
[BlackElo "2390"]
[EventDate "1995.07.??"]
[PlyCount "78"]

1.c4 e5 2.g3 Nf6 3.Bg2 d5 4.cxd5 Nxd5 5.Nc3 Nb6 6.Nf3 Nc6 7.O-O Be7 8.Rb1 
a5 9.b3 O-O 10.Bb2 Re8 11.d3 Bf8 12.Nd2 Be6 13.Nc4 Nd5 14.Ne4 f6 15.Rc1 
Qd7 16.Ne3 Ndb4 17.a3 Na6 18.f4 Nd4 19.fxe5 Bxb3 20.Qd2 fxe5 21.Rf2 Nc6 
22.Nf5 Kh8 23.Bh3 Be6 24.Ng5 Bc5 25.e3 Rad8 26.d4 exd4 27.exd4 Nxd4 28.
Nxd4 Bxh3 29.Nf7+ Kg8 30.Qg5 Rf8 31.Rxc5 Rxf7 32.Rxf7 Kxf7 33.Rc2 Kg8 34.
Rd2 Rf8 35.Nf3 Qf7 36.Rf2 h6 37.Qe5 Qd7 38.Qe2 Rd8 39.Qe5 Re8 0-1

[Event "zonal 3.2"]
[Site "Genting Highlands MAS"]
[Date "1995.??.??"]
[Round "3"]
[White "Tu Hoang Thong"]
[Black "Toh, Terry"]
[Result "0-1"]
[WhiteElo "2430"]
[BlackElo "2315"]
[EventDate "1995.07.??"]
[PlyCount "70"]

1.b3 d5 2.Bb2 c5 3.e3 a6 4.d4 cxd4 5.exd4 Nc6 6.a3 g6 7.h3 Bg7 8.Nf3 Nh6 
9.Be2 O-O 10.O-O Nf5 11.Re1 Qb6 12.c3 e5 13.dxe5 Nxe5 14.Nxe5 Bxe5 15.Bf3 
Bf6 16.Bxd5 Rd8 17.Re2 Be6 18.c4 Bxd5 19.cxd5 Nd4 20.Re4 Rxd5 21.Nc3 Rdd8 
22.Na4 Qc6 23.f3 Nc2 24.Rc4 Nxa1 25.Qxa1 Bxb2 26.Qxb2 Rd1+ 27.Kf2 Qd6 28.
Rc2 Rd8 29.Nc5 Qe7 30.Qc3 Rc8 31.b4 b6 32.Re2 Qh4+ 33.g3 Qxh3 34.Qf6 bxc5 
35.Re7 Qf1+ 0-1

[Event "zonal 3.2"]
[Site "Genting Highlands MAS"]
[Date "1995.??.??"]
[Round "3"]
[White "Ker, Anthony"]
[Black "Ginting, Nasib"]
[Result "1-0"]
[WhiteElo "2335"]
[BlackElo "2390"]
[EventDate "1995.07.??"]
[PlyCount "67"]

1.d4 Nf6 2.c4 g6 3.Nc3 Bg7 4.e4 d6 5.f3 O-O 6.Be3 Nbd7 7.Bd3 c5 8.d5 Ne5 
9.Nge2 e6 10.O-O exd5 11.cxd5 a6 12.a4 Bd7 13.a5 Ne8 14.Ng3 Nxd3 15.Qxd3 
Nc7 16.Qd2 Nb5 17.Nge2 b6 18.axb6 Qxb6 19.Bh6 Nxc3 20.bxc3 Bxh6 21.Qxh6 
Qb2 22.Rfe1 Rab8 23.Qf4 Rb6 24.Qf6 Rb3 25.Rec1 Bb5 26.Nf4 Re8 27.h4 Ra3 
28.h5 Ra2 29.h6 Qf2+ 30.Kh2 Kf8 31.e5 g5 32.exd6 Qh4+ 33.Nh3 Rxg2+ 34.Kxg2
1-0